000 01134nam a2200301Ia 4500
001 778783602
003 OCoLC
005 20250919115333.0
008 120301s2006 oru b 001 0 eng
020 _a9780972151276
020 _a0972151273
035 _a(OCoLC)778783602
040 _aEXN
_cEXN
049 _aEXNS
100 1 _aYungen, Ray.
245 1 2 _aA time of departing :
_bhow a universal spirituality is changing the face of Christianity /
_cRay Yungen.
250 _a2nd ed.
260 _aEureka, Mont. :
_bLighthouse Trails Pub.,
_cc2006.
300 _a242 p. ;
_c22 cm.
336 _atext
337 _aunmediated
338 _avolume
504 _aIncludes bibliographical references (p. 208-228) and index.
505 0 _aThe invisible denomination -- The yoga of the West -- Proponents and visionaries -- Evangelical hybrids -- Discernment -- Could this really be the end of the age? -- Seducing spirits -- "America's pastor" -- The children of the future?
650 0 _aChristianity and other religions
_xNew Age movement.
650 0 _aNew Age movement
_xRelations
_xChristianity.
942 _2lcc
_cBK
999 _c54465
_d54465